Statistiques concernant Conjugaison du verbe "croire"

Cliquez ici pour prendre le quiz!

Statistiques générales

  • Ce quiz a été pris 368 fois
  • Le résultat moyen est 40 sur 47

Statistiques - réponses

ModeTempsPersonnePrésent% Correct
IndicatifPrésentJecrois
100%
IndicatifPrésentTucrois
100%
ImpératifPrésentcrois
100%
SubjonctifPrésentQu'il/elle/oncroie
99%
SubjonctifPrésentQue jecroie
99%
IndicatifPrésentIl/elle/oncroit
99%
IndicatifPrésentNouscroyons
99%
ImpératifPrésentcroyons
99%
IndicatifPrésentIls/ellescroient
98%
SubjonctifPrésentQu'ils/ellescroient
98%
IndicatifPrésentVouscroyez
98%
ImpératifPrésentcroyez
98%
IndicatifImparfaitJecroyais
97%
IndicatifImparfaitTucroyais
97%
IndicatifImparfaitIl/elle/oncroyait
97%
IndicatifImparfaitVouscroyiez
94%
SubjonctifPrésentQue vouscroyiez
94%
SubjonctifPrésentQue nouscroyions
94%
IndicatifImparfaitNouscroyions
94%
ParticipePassécru
91%
IndicatifImparfaitIls/ellescroyaient
89%
IndicatifFutur simpleIl/elle/oncroira
87%
IndicatifPassé simpleJecrus
87%
IndicatifPassé simpleTucrus
87%
SubjonctifImparfaitQu'il/elle/oncrût
87%
IndicatifPassé simpleIl/elle/oncrut
87%
SubjonctifPrésentQue tucroies
86%
IndicatifFutur simpleJecroirai
86%
IndicatifFutur simpleTucroiras
85%
IndicatifFutur simpleVouscroirez
84%
IndicatifFutur simpleNouscroirons
84%
IndicatifPassé simpleNouscrûmes
81%
IndicatifPassé simpleVouscrûtes
81%
IndicatifFutur simpleIls/ellescroiront
80%
IndicatifPassé simpleIls/ellescrurent
80%
ConditionnelPrésentTucroirais
72%
ConditionnelPrésentJecroirais
72%
ConditionnelPrésentIl/elle/oncroirait
68%
ConditionnelPrésentVouscroiriez
63%
ConditionnelPrésentNouscroirions
63%
ParticipePrésentcroyant
62%
ConditionnelPrésentIls/ellescroiraient
61%
SubjonctifImparfaitQue jecrusse
60%
SubjonctifImparfaitQue tucrusses
59%
SubjonctifImparfaitQue nouscrussions
53%
SubjonctifImparfaitQu'ils/ellescrussent
52%
SubjonctifImparfaitQue vouscrussiez
52%

Distribution des résultats

Percentile par nombre de réponses

% des personnes avec chaque résultat

Votre développement - résultats

Vous n’avez pas pris ce quiz